Loading...
| History - American History | 1 | 2 | 0 | 2 | 35 | 62 | 110.33 | 1 | 3 |
| Philosophy | 0 | 3 | 0 | 1 | 30 | 72 | 100.00 | 1 | 3 |
| Science - Other Science | 0 | 3 | 1 | 0 | 25 | 85 | 97.67 | 0 | 3 |
| Science - Physics | 1 | 2 | 2 | 0 | 25 | 40 | 56.00 | 0 | 3 |
| Current Events | 1 | 1 | 0 | 1 | 25 | 29 | 81.50 | 1 | 2 |
| History - Other History | 0 | 3 | 1 | 0 | 25 | 70 | 94.33 | 1 | 3 |
| Social Science | 0 | 3 | 2 | 1 | 20 | 84 | 109.67 | 3 | 3 |
| History - European History | 0 | 2 | 0 | 1 | 20 | 77 | 102.50 | 1 | 2 |
| Literature - American Literature | 0 | 2 | 0 | 1 | 20 | 88 | 119.50 | 0 | 2 |
| Religion | 0 | 2 | 0 | 2 | 20 | 123 | 126.50 | 1 | 2 |
| History - World History | 0 | 2 | 1 | 1 | 15 | 123 | 125.00 | 1 | 2 |
| Mythology | 0 | 1 | 0 | 1 | 10 | 136 | 136.00 | 1 | 1 |
| Science - Chemistry | 0 | 2 | 2 | 1 | 10 | 91 | 116.00 | 1 | 2 |
| Literature - European Literature | 0 | 1 | 0 | 1 | 10 | 139 | 139.00 | 0 | 1 |
| Fine Arts - Other Fine Arts | 0 | 0 | 1 | 0 | -5 | 0.00 | 0 | 0 | |
| Science - Biology | 0 | 1 | 3 | 1 | -5 | 134 | 134.00 | 0 | 1 |
| Fine Arts - Visual Fine Arts | 0 | 0 | 2 | 0 | -10 | 0.00 | 0 | 0 | |
| Pop Culture | 0 | 0 | 2 | 0 | -10 | 0.00 | 0 | 0 |